Entrepreneurship : (Record no. 33312)
[ view plain ]
| 000 -LEADER | |
|---|---|
| fixed length control field | 00999pam a2200301 a 4500 |
| 001 - CONTROL NUMBER | |
| control field | 4379458 |
| 003 - CONTROL NUMBER IDENTIFIER | |
| control field | OSt |
| 005 - DATE AND TIME OF LATEST TRANSACTION | |
| control field | 20211124103953.0 |
| 008 - FIXED-LENGTH DATA ELEMENTS--GENERAL INFORMATION | |
| fixed length control field | 910830s1992 njua b 001 0 eng |
| 010 ## - LIBRARY OF CONGRESS CONTROL NUMBER | |
| LC control number | 91030503 |
| 020 ## - INTERNATIONAL STANDARD BOOK NUMBER | |
| International Standard Book Number | 9788120312814 |
| 038 ## - RECORD CONTENT LICENSOR | |
| Staff Name | Khadija |
| 040 ## - CATALOGING SOURCE | |
| Original cataloging agency | DLC |
| Transcribing agency | DLC |
| Modifying agency | DLC |
| 050 00 - LIBRARY OF CONGRESS CALL NUMBER | |
| Classification number | HB615 |
| Item number | .H65 2010 |
| 082 00 - DEWEY DECIMAL CLASSIFICATION NUMBER | |
| Classification number | 658.4 |
| Edition number | 20 |
| Author Mark | HOL |
| 100 1# - MAIN ENTRY--PERSONAL NAME | |
| Personal name | Holt, David H. |
| 9 (RLIN) | 84977 |
| 245 10 - TITLE STATEMENT | |
| Title | Entrepreneurship : |
| Remainder of title | new venture creation / |
| Statement of responsibility, etc. | David H. Holt. |
| 260 ## - PUBLICATION, DISTRIBUTION, ETC. | |
| Place of publication, distribution, etc. | Englewood Cliffs, N.J. : |
| Name of publisher, distributor, etc. | Prentice Hall, |
| Date of publication, distribution, etc. | c2010. |
| 300 ## - PHYSICAL DESCRIPTION | |
| Extent | xx, 553 p. : |
| Other physical details | ill. ; |
| Dimensions | 24 cm. |
| 504 ## - BIBLIOGRAPHY, ETC. NOTE | |
| Bibliography, etc. note | Includes bibliographical references (p. 480-481) and index. |
| 563 ## - BINDING INFORMATION | |
| Binding note | PB |
| 650 #0 - SUBJECT ADDED ENTRY--TOPICAL TERM | |
| Topical term or geographic name entry element | Entrepreneurship. |
| 9 (RLIN) | 84978 |
| 650 #0 - SUBJECT ADDED ENTRY--TOPICAL TERM | |
| Topical term or geographic name entry element | Venture capital. |
| 9 (RLIN) | 84979 |
| 650 #0 - SUBJECT ADDED ENTRY--TOPICAL TERM | |
| Topical term or geographic name entry element | New business enterprises. |
| 9 (RLIN) | 84980 |
| 906 ## - LOCAL DATA ELEMENT F, LDF (RLIN) | |
| a | 7 |
| b | cbc |
| c | orignew |
| d | 1 |
| e | ocip |
| f | 19 |
| g | y-gencatlg |
| 942 ## - ADDED ENTRY ELEMENTS (KOHA) | |
| Source of classification or shelving scheme | |
| Koha item type | Book |
| Withdrawn status | Lost status | Source of classification or shelving scheme | Damaged status | Not for loan | Permanent Location | Current Location | Shelving location | Date acquired | Full call number | Barcode | Date last seen | Price effective from | Koha item type |
|---|---|---|---|---|---|---|---|---|---|---|---|---|---|
| School of Mechanical & Manufacturing Engineering (SMME) | School of Mechanical & Manufacturing Engineering (SMME) | General Stacks | 02/15/2016 | 658.4 HOL | SMME-2402 | 04/03/2018 | 02/15/2016 | Book |
